KATSEYE "Gnarly" CLEAN lyrics - Statistics

General Stats
  • This quiz has been taken 70 times
  • The average score is 217 of 257
Answer Stats
Answer % Correct
a
98%
gnarly
96%
like
96%
the
96%
you
94%
be
92%
everything
92%
gang
92%
so
92%
this
92%
hollywood
90%
is
90%
song
90%
they
90%
hills
88%
hottie
88%
in
88%
my
88%
oh
88%
to
88%
beat
86%
boba
86%
chick
86%
could
86%
describe
86%
god
86%
na
86%
tea
86%
with
86%
word
86%
fried
84%
i'm
84%
one
84%
out
84%
real
84%
single
84%
tonight
84%
chicken
82%
going
82%
know
82%
new
82%
of
82%
everything's
80%
lit
80%
mansion
80%
we're
80%
congratulations
78%
copy
78%
jealous
78%
session
78%
view
78%
you're
78%
legit
76%
not
73%
robotics
73%
tryna
73%
obvi
71%
don't
69%
dumb
69%
for
69%
making
69%
me
69%
beats
67%
talk
67%
yeah
67%
boring
65%
freaking
63%
hobby
63%
just
61%
ain't
59%
partyin
57%
now
55%
that
55%
fricking
29%
No matching quizzes found
Score Distribution
Percent of People with Each Score
Percentile by Number Answered
Your Score History
You have not taken this quiz